Baby Names: 'O' & 'P' Girl Names by Decade Quiz Stats

Quiz Updated Apr 14, 2017

Challenge
Share
Tweet
Embed
Score 0/59 Timer 08:00
6 Plays Today
Decade Names % Correct
1980sOlivia
87.4%
1990sOlivia
87.4%
2000sOlivia
87.4%
1920sPatricia
86.6%
1930sPatricia
86.6%
1940sPatricia
86.6%
1950sPatricia
86.6%
1960sPatricia
86.6%
1970sPatricia
86.6%
1980sPatricia
86.6%
1990sPatricia
86.6%
1880sOlive
76.3%
1890sOlive
76.3%
1900sOlive
76.3%
1910sOlive
76.3%
1960sPenny
68.9%
1940sPamela
65.6%
1950sPamela
65.6%
1960sPamela
65.6%
1970sPamela
65.6%
1980sPamela
65.6%
1950sPaula
62%
1960sPaula
62%
1970sPaula
62%
1880sPauline
46.3%
1890sPauline
46.3%
1900sPauline
46.3%
1910sPauline
46.3%
1920sPauline
46.3%
1930sPauline
46.3%
Decade Names % Correct
1920sPeggy
41.2%
1930sPeggy
41.2%
1940sPeggy
41.2%
1950sPeggy
41.2%
1960sPeggy
41.2%
1910sPhyllis
38.1%
1920sPhyllis
38.1%
1930sPhyllis
38.1%
1940sPhyllis
38.1%
1950sPhyllis
38.1%
1930sPatsy
37%
1940sPatsy
37%
1900sOpal
35.8%
1910sOpal
35.8%
1980sPriscilla
34.8%
1990sPaige
33.1%
2000sPaige
33.1%
1880sPearl
30.9%
1890sPearl
30.9%
1900sPearl
30.9%
1910sPearl
30.9%
1920sPearl
30.9%
2000sPeyton
23.5%
2000sPayton
20.8%
1880sOllie
20.4%
1890sOllie
20.4%
1900sOllie
20.4%
1880sOra
18%
1890sOra
18%

You're not logged in!

Compare scores with friends on all Sporcle quizzes.
Sign Up with Email
OR
Log In

You Might Also Like...

Show Comments

Extras

Top Quizzes Today


Score Distribution

Your Account Isn't Verified!

In order to create a playlist on Sporcle, you need to verify the email address you used during registration. Go to your Sporcle Settings to finish the process.